| 000 | 00509nam a2200181Ia 4500 | ||
|---|---|---|---|
| 999 |
_c12814 _d12814 |
||
| 003 | OSt | ||
| 005 | 20201023121130.0 | ||
| 008 | 190216s9999||||xx |||||||||||||| ||und|| | ||
| 020 | _a0330237829 | ||
| 040 | _coclc | ||
| 082 |
_a823.91 _bHER/S |
||
| 100 |
_a Herriot, James _95746 |
||
| 245 | 0 |
_aIt Shouldn't Happen to a Vet / _cJames Herriot |
|
| 260 |
_bPan Books London, _c1972. _aLondon: |
||
| 300 | _a226p | ||
| 650 | _aSpeeches | ||
| 942 |
_cBK _2ddc _h823.91 _iHER/S _k823.91 _mHER/S |
||